home page   АИС "Историко-культурное наследие Беларуси"
  Базовый | Расширенный | Профессиональный | Словарь персоналий | Тематический словарь | По видам объектов История запросов  Заказы    Регистрация

Запись в MARC-формате

копировать MARC-запись

=LDR  00000nx\\c2200229\\\45\\
=001  BY-NLB-ar4858277
=005  20160330095635.3
=100  \\$a20120131arusy50\\\\\\ca0
=152  \\$apsbo
=160  \\$ae-bw
=215  \\$aКостел Наисвятейшего Сердца Иисуса (Столовичи, деревня; Барановичский район)
=300  1\$aПамятник архитектуры неоготики. Построен в 1907–1911 гг.
=356  \\$aНаходится в центре д. Столовичи Барановичского района Брестской области.
=415  \\$aСтоловичский костел Пресвятого Сердца Иисуса
=515  \\$5w$3BY-NLB-ar4858174$aКасцёл Найсвяцейшага Сэрца Ісуса (Сталовічы, вёска; Баранавіцкі раён)
=801  \0$aBY$bBY-HM0000$c20120131
=810  \\$aРеспублика Беларусь : энциклопедия. [В 7 т.]. Т. 7. — Минск, 2008.
=810  \\$aТуристская энциклопедия Беларуси. — Минск, 2007.
=810  \\$aКаталіцкія храмы на Беларусі : энцыклапедычны даведнік / А. М. Кулагін. — Мінск, 2000.
=810  \\$aКаталіцкія храмы Беларусі / А. М. Кулагін. — Мінск, 2008.
=999  \\$f2786 NLB-NDARD$t20120131
=999  \\$h1848 NLB-NDARD$t20120203

Чтобы вернуться назад, щелкните кнопку BACK на Вашем браузере